| Tag |
First Indicator |
Second Indicator |
Subfields |
| LEADER |
00000cam a2200000 a 4500 |
| 001 |
in00001166613 |
| 005 |
20151001082708.0 |
| 008 |
940127r1993 ie 000 0 eng d |
| 035 |
|
|
|a (OCoLC)29693166
|
| 035 |
|
|
|9 AGF5293AM
|
| 040 |
|
|
|a FBC
|c FBC
|d TXA
|d UtOrBLW
|
| 049 |
|
|
|a TXAM
|
| 090 |
|
|
|a BX3550.I75
|b F58 1993
|
| 100 |
1 |
|
|a Flynn, T. S.
|q (Thomas S.)
|
| 245 |
1 |
4 |
|a The Irish Dominicans 1536-1641 /
|c Thomas S. Flynn.
|
| 264 |
|
1 |
|a Dublin :
|b Four Courts Press,
|c [1993]
|
| 264 |
|
4 |
|c ©1993
|
| 300 |
|
|
|a xvii, 379 pages :
|b illustrations ;
|c 24 cm.
|
| 336 |
|
|
|a text
|b txt
|2 rdacontent
|
| 337 |
|
|
|a unmediated
|b n
|2 rdamedia
|
| 338 |
|
|
|a volume
|b nc
|2 rdacarrier
|
| 504 |
|
|
|a Includes bibliographical references and index.
|
| 610 |
2 |
0 |
|a Dominicans.
|b Irish Province
|x History.
|
| 651 |
|
0 |
|a Ireland
|x Church history.
|
| 999 |
|
|
|a MARS
|
| 999 |
f |
f |
|s 7d879362-9c71-371b-a857-d18f3417eb5c
|i eceb789d-b016-3baa-a642-9c36585fefdc
|t 0
|
| 952 |
f |
f |
|p ric
|a Texas A&M University
|b Rellis Campus
|c Joint Library Facility
|d Remote Storage
|t 0
|e BX3550.I75 F58 1993
|h Library of Congress classification
|i unmediated -- volume
|m A14818020697
|
| 998 |
f |
f |
|a BX3550.I75 F58 1993
|t 0
|l Remote Storage
|